000 00450nam a22001457a 4500
999 _c5658
_d5656
005 20210907123751.0
008 171205b xxu||||| |||| 00| 0 eng d
041 _aeng
082 _a622.42
100 _aMITRA, S.N.
_94004
245 _aQUESTION, BANK FOR ONLINE COAL MINE MANAGERS CERTIFICATE EXAMINATION ON MINE MANEGEMENT, LEGISLATION AND GENERAL SAFETY
_cS.N. MITRA
260 _aDHANBAD
_bGEETA BOOK STORE
300 _a452p.
942 _cBK